<?xml version="1.0" encoding="UTF-8" ?>
<collection xmlns="http://www.loc.gov/MARC21/slim"><record><leader>00847nam a2200229 nc4500</leader><controlfield tag="001">21228</controlfield><controlfield tag="003">CH-000273-5</controlfield><controlfield tag="005">20161227132835.0</controlfield><datafield tag="035" ind1=" " ind2=" "><subfield code="a">(OCoLC)906877425</subfield></datafield><datafield tag="041" ind1=" " ind2=" "><subfield code="a">ger</subfield></datafield><datafield tag="245" ind1="0" ind2="4"><subfield code="a">Das Neue Leben</subfield><subfield code="b">Mai-Ausstellung, Kunsthalle Basel, 24. Mai - 20. Juni 1920</subfield><subfield code="h">Ausstellungskatalog</subfield></datafield><datafield tag="260" ind1=" " ind2=" "><subfield code="a">Basel</subfield><subfield code="b">Kunsthalle Basel</subfield><subfield code="c">1920</subfield></datafield><datafield tag="300" ind1=" " ind2=" "><subfield code="a">7 S.</subfield><subfield code="c">20,3 x 13,4 cm</subfield></datafield><datafield tag="510" ind1="4" ind2="0"><subfield code="a">Dada in Zürich, 1985</subfield><subfield code="c">S. 251, Nr. 113</subfield></datafield><datafield tag="600" ind1="1" ind2="4"><subfield code="a">Taeuber-Arp, Sophie</subfield><subfield code="d">1872-1938</subfield></datafield><datafield tag="600" ind1="1" ind2="4"><subfield code="a">Baumann, Fritz</subfield><subfield code="d">1886-1942</subfield></datafield><datafield tag="600" ind1="1" ind2="4"><subfield code="a">Janco, Marcel</subfield><subfield code="d">1895-1984</subfield></datafield><datafield tag="651" ind1="0" ind2="4"><subfield code="a">Zürich</subfield><subfield code="x">Kunsthaus Zürich</subfield><subfield code="x">Dadaismus</subfield><subfield code="x">Sammlung</subfield></datafield><datafield tag="651" ind1="0" ind2="4"><subfield code="a">Basel</subfield><subfield code="x">Kunsthalle Basel</subfield><subfield code="y">1920.05.24-1920.06.20</subfield><subfield code="v">Ausstellung</subfield></datafield><datafield tag="710" ind1="2" ind2="0"><subfield code="a">Kunsthalle Basel</subfield></datafield><datafield tag="852" ind1="4" ind2="0"><subfield code="a">CH-000273-5</subfield><subfield code="c">DADA IV:21</subfield></datafield><datafield tag="856" ind1="4" ind2="1"><subfield code="u">https://digital.kunsthaus.ch/viewer/image/21228/1/</subfield><subfield code="y">Kunsthaus Zürich Sammlungen online</subfield></datafield></record></collection>